000 005120000a22001810004500
020 _a0-310-22600-7
041 0 _aENG
082 0 4 _aG 253.5 C8831u
100 1 _aCrabb, Lawrence J.
245 1 0 _aUnderstanding people : Deep longings for relationship / Lawrence J. Crabb
260 _aGrand Rapids, MI., USA : Ministry Resources Library
300 _a224 Pag
001 6453
942 _cBK
999 _c36723
_d36723
336 _atexto
_btxt
_2rdacontent
337 _2rdamedia
_asin mediación
_bn
338 _2rdacarrier
_avolumen
_bnc